Antología
Saved in:
| Hovedforfatter: | |
|---|---|
| Format: | Bog |
| Sprog: | spansk |
| Udgivet: |
Madrid
Nacional
1977
|
| Serier: | Biblioteca de la Literatura y el Pensamiento Hispánicos, 28
|
| Fag: | |
| Tags: |
Tilføj Tag
Ingen Tags, Vær først til at tagge denne postø!
|
MARC
| LEADER | 00000nam a2200000 a 4500 | ||
|---|---|---|---|
| 001 | UCO5515 | ||
| 003 | CL-VaPUC | ||
| 008 | 000908e19770000SP |||||||||||||||||spa|d | ||
| 082 | 0 | 4 | |a 864 |b LAR |2 21 |
| 100 | |a Larra, Mariano José de |e author |9 321319 | ||
| 245 | 1 | 0 | |a Antología |
| 300 | |a 320 p | ||
| 942 | |c BK | ||
| 945 | |d 20000908 00:00:00 |a crobeson | ||
| 260 | |a Madrid |b Nacional |c 1977 | ||
| 650 | 0 | |a Ensayos españoles |9 313128 | |
| 650 | 0 | |a Literatura española |9 306261 | |
| 650 | 0 | |a Antologías |9 309836 | |
| 583 | |a last modification |c 20000908 00:00:00 |k Rodrigo Vera | ||
| 490 | 0 | |a Biblioteca de la Literatura y el Pensamiento Hispánicos, 28 | |
| 999 | |c 291372 |d 291370 | ||
| 952 | |0 0 |1 0 |4 0 |6 864_000000000000000_LAR_1977 |7 0 |8 A |9 341196 |a BIBART |b BIBART |d 2019-11-20 |i 1221167 |o 864 LAR 1977 |p 1221167 |r 2025-03-13 |w 2019-11-20 |y BK |k ART | ||